[Event "GER-chT U16"]
[Site "Magdeburg"]
[Date "2023.12.28"]
[Round "3.7"]
[White "Nunez Gregoire, Daniel"]
[Black "Seymer, Adam"]
[Result "1/2-1/2"]
[WhiteElo "1708"]
[BlackElo "1694"]
[PlyCount "157"]
[EventDate "2023.12.26"]
[EventType "team-swiss"]
[EventRounds "7"]
[EventCountry "GER"]
[SourceTitle "CB03_2024"]
[SourceDate "2024.01.17"]
[SourceVersion "1"]
[SourceVersionDate "2024.01.17"]
[SourceQuality "1"]
[WhiteTeam "Stuttgart SF"]
[BlackTeam "Dresden Gruen Weiss"]
[WhiteTeamCountry "GER"]
[BlackTeamCountry "GER"]

1. c4 Nf6 2. Nc3 e6 3. d4 Bb4 4. Qc2 c5 5. dxc5 Qa5 6. Bd2 Qxc5 7. e3 0-0 8. a3 Bxc3 9. Bxc3 Qe7 10. Nf3 Nc6 11. Bd3 h6 12. 0-0 b6 13. Rfd1 Rd8 14. Rac1 Bb7 15. Nd4 Rac8 16. Nxc6 Rxc6 17. Bb4 d6 18. e4 Nd7 19. Bc3 Rdc8 20. b3 d5 21. exd5 exd5 22. Qb2 dxc4 23. Bxc4 Rg6 24. f3 Bxf3 25. Rd2 Qe3+ 26. Kh1 Bc6 27. Rf1 Rf8 28. Bd4 Qg5 29. b4 Nf6 30. Bxf6 Rxf6 31. Rxf6 Qxf6 32. Qxf6 gxf6 33. b5 Be4 34. Kg1 Rc8 35. Rd4 f5 36. g4 Kg7 37. gxf5 Bxf5 38. Bd5 Rd8 39. Rd1 Bc2 40. Rc1 Rxd5 41. Rxc2 Rxb5 42. Rc3 Rc5 43. Rd3 Kg6 44. Kg2 f6 45. Rd7 a5 46. a4 Rc4 47. Rd6 Rxa4 48. Rxb6 Rb4 49. Ra6 a4 50. Ra5 Rb2+ 51. Kg3 Rb3+ 52. Kg4 a3 53. Ra6 Rb2 54. Rxa3 Rxh2 55. Ra8 h5+ 56. Kg3 Rh1 57. Kg2 Rb1 58. Rg8+ Kh7 59. Rf8 Kg7 60. Ra8 Rb5 61. Kg3 Kg6 62. Rg8+ Kh7 63. Rf8 Kg7 64. Ra8 Rg5+ 65. Kh4 Kg6 66. Rg8+ Kf5 67. Ra8 Kg6 68. Rg8+ Kh6 69. Rh8+ Kg6 70. Rg8+ Kf5 71. Ra8 Ke4 72. Ra4+ Kd3 73. Ra3+ Kc4 74. Ra4+ Kb5 75. Rf4 Rg4+ 76. Rxg4 hxg4 77. Kxg4 Kc5 78. Kf5 Kd5 79. Kxf6 1/2-1/2

[Event "GER-chT U16"]
[Site "Magdeburg"]
[Date "2023.12.28"]
[Round "4.9"]
[White "Seymer, Adam"]
[Black "Laux, Filip"]
[Result "1-0"]
[WhiteElo "1694"]
[BlackElo "1589"]
[PlyCount "191"]
[EventDate "2023.12.26"]
[EventType "team-swiss"]
[EventRounds "7"]
[EventCountry "GER"]
[SourceTitle "CB03_2024"]
[SourceDate "2024.01.17"]
[SourceVersion "1"]
[SourceVersionDate "2024.01.17"]
[SourceQuality "1"]
[WhiteTeam "Dresden Gruen Weiss"]
[BlackTeam "Offenbach"]
[WhiteTeamCountry "GER"]
[BlackTeamCountry "GER"]

1. e4 c6 2. d4 d5 3. e5 Bf5 4. Nf3 e6 5. Be2 c5 6. 0-0 Nd7 7. c3 Ne7 8. Be3 Nc6 9. Nbd2 Be7 10. dxc5 Bxc5 11. Bxc5 Nxc5 12. Bb5 0-0 13. Nb3 Qb6 14. Bxc6 bxc6 15. Nxc5 Qxc5 16. Qd4 Qb6 17. Qxb6 axb6 18. Nd4 c5 19. Nxf5 exf5 20. a3 Rfd8 21. Rad1 Kf8 22. f4 Ra4 23. Rd3 Ke7 24. g3 Ke6 25. Kf2 Re4 26. Re1 h6 27. Rg1 f6 28. exf6 Kxf6 29. Rgd1 Ke6 30. Kf3 g5 31. h4 g4+ 32. Kf2 d4 33. cxd4 Rdxd4 34. Rxd4 cxd4 35. Rd3 Kd5 36. Rb3 Re6 37. Rb5+ Ke4 38. Ke2 d3+ 39. Kd2 Kf3 40. Re5 Rd6 41. Re3+ Kf2 42. h5 Kg2 43. b4 b5 44. Rxd3 Rxd3+ 45. Kxd3 Kxg3 46. a4 Kf2 47. axb5 g3 48. b6 g2 49. b7 g1Q 50. b8Q Qd1+ 51. Kc4 Qc2+ 52. Kb5 Qe2+ 53. Kc6 Qc4+ 54. Kd7 Qf7+ 55. Kd8 Qf8+ 56. Kc7 Qe7+ 57. Kc8 Qf8+ 58. Kc7 Qe7+ 59. Kc6 Qe4+ 60. Kc5 Qc2+ 61. Kb6 Qd2 62. b5 Qd4+ 63. Kb7 Qe4+ 64. Ka7 Qa4+ 65. Kb6 Qd4+ 66. Kc6 Qc4+ 67. Kd7 Qd5+ 68. Ke7 Qc5+ 69. Kf6 Qd4+ 70. Qe5 Qd8+ 71. Kxf5 Qd7+ 72. Kg6 Qd8 73. Kxh6 Qf8+ 74. Kg6 Qg8+ 75. Qg7 Qe8+ 76. Kh6 Qxb5 77. Qg6 Qb8 78. f5 Qf8+ 79. Kh7 Qe7+ 80. Qg7 Qe4 81. Qf7 Kg3 82. h6 Kh4 83. Kh8 Qa8+ 84. Qg8 Qa1+ 85. Qg7 Qa8+ 86. Kh7 Qe4 87. Qf6+ Kh3 88. Qf8 Kh4 89. Kh8 Kh5 90. h7 Qc6 91. f6 Qc3 92. Qf7+ Kh4 93. Qe7 Kh5 94. Kg7 Qg3+ 95. Kf8 Qb8+ 96. Qe8+ 1-0

[Event "GER-chT Christmas U16 Steinitz"]
[Site "Playchess.com INT"]
[Date "2020.12.28"]
[Round "7.2"]
[White "Seymer, Adam"]
[Black "Abed, Karim"]
[Result "0-1"]
[WhiteElo "1249"]
[BlackElo "1626"]
[PlyCount "130"]
[EventDate "2020.12.28"]
[EventType "team-swiss (blitz)"]
[EventRounds "7"]
[EventCountry "GER"]
[SourceTitle "CBM 200 Extra"]
[Source "ChessBase"]
[SourceDate "2021.03.31"]
[SourceVersion "1"]
[SourceVersionDate "2021.03.31"]
[SourceQuality "1"]
[WhiteTeam "Dresden Gruen Weiss"]
[BlackTeam "Koenigsjaeger Sued West"]
[WhiteTeamCountry "GER"]
[BlackTeamCountry "GER"]

1. c4 d6 2. Nc3 e5 3. g3 g6 4. Bg2 Bg7 5. Nf3 f5 6. 0-0 Nf6 7. d3 0-0 8. e4 Nc6 9. Bg5 h6 10. Be3 g5 11. Qc1 f4 12. gxf4 gxf4 13. Bd2 Bg4 14. Ne2 Nh5 15. Kh1 Bxf3 16. Bxf3 Qh4 17. Rg1 Kh7 18. Qf1 Nf6 19. Qg2 Rg8 20. Qf1 Bh8 21. Bc3 Ng4 22. Bxg4 Rxg4 23. Rxg4 Qxg4 24. f3 Qh5 25. Qf2 Rg8 26. Rg1 Rxg1+ 27. Kxg1 Bf6 28. b4 Bh4 29. Qg2 Ne7 30. d4 Ng6 31. dxe5 dxe5 32. b5 Bf6 33. Be1 Be7 34. Nc3 Bc5+ 35. Kh1 c6 36. bxc6 bxc6 37. a4 Bb4 38. Qg4 Qxg4 39. fxg4 f3 40. Kg1 Nf4 41. Kf2 Nd3+ 42. Kf1 Nxe1 43. Kxe1 Bxc3+ 44. Kf2 Kg6 45. Kxf3 Be1 46. h3 h5 47. Ke2 Bg3 48. Kf3 Bf4 49. Ke2 hxg4 50. hxg4 Kg5 51. Kf3 c5 52. a5 a6 53. Ke2 Kxg4 54. Kf2 Bd2 55. Ke2 Bxa5 56. Kd3 Kf3 57. Kc2 Kxe4 58. Kb3 Kd3 59. Ka4 Bb4 60. Kb3 e4 61. Kb2 e3 62. Kc1 e2 63. Kb2 e1Q 64. Ka2 Qd2+ 65. Kb3 Qc2# 0-1